000 00724nam a2200289Ia 4500
005 20260324114045.0
008 008 260324s9999 xx 000 0 eng d
020 _a9781003288671
037 _aEBOOK
040 _aCRL
040 _beng
040 _cCRL
041 _2eng
041 _aeng
084 _qCRL
100 _aKellie Burns; Helen Proctor
_91149258
245 4 _aThe Curriculum of the Body and the School as Clinic
245 0 _bHistories of Public Health and Schooling
260 _bTaylor and Francis
260 _c2023
365 _a
365 _b230
856 _uhttp://www.taylorfrancis.com/books/9781003288671
942 _cEBOOK
999 _c1739234
_d1739234